|
|
|
|
| LEADER |
01451nam a2200217Ia 4500 |
| 001 |
135968 |
| 008 |
170722s9999 xx 000 0 und d |
| 020 |
|
|
|a 8176381772
|
| 100 |
|
|
|a Joy, Thirumolapuram
|
| 245 |
|
|
|a Sampoorna pathra samvidhanam /
|
| 260 |
|
|
|a Trivandrum :
|b Kerala Bhasha Institute ,
|c 2000.
|
| 490 |
|
|
|a ix+260,22cm,Rs 90/-
|
| 500 |
|
|
|a v.1 Pathrvum varthyum,v.2 Reporting,Vol.3. Sampoorna pathra samvidhanam
|
| 653 |
|
|
|a Journalism
|
| 942 |
|
|
|c GEN
|
| 999 |
|
|
|c 120522
|d 120522
|
| 952 |
|
|
|0 0
|1 0
|4 0
|6 M_23_32P0_3P0_31P0_1P0_11P0_2_000000000000000
|7 0
|9 170451
|a LIB
|b LIB
|d 2017-08-12
|o M2:3 32P0.3-P0.3;1-P0.1,P0.1;1-P0.2
|p 236288
|r 2017-08-12
|w 2017-08-12
|y GEN
|
| 952 |
|
|
|0 0
|1 0
|4 0
|6 M_23_32P0_3P0_31P0_1P0_11P0_2_000000000000000
|7 0
|9 170452
|a LIB
|b LIB
|d 2017-08-12
|l 1
|o M2:3 32P0.3-P0.3;1-P0.1,P0.1;1-P0.2
|p 236289
|r 2017-12-15
|s 2017-12-12
|w 2017-08-12
|y GEN
|
| 952 |
|
|
|0 0
|1 0
|4 0
|6 M_23_32P0_3P0_31P0_1P0_11P0_2_000000000000000
|7 0
|9 170453
|a LIB
|b LIB
|d 2017-08-12
|o M2:3 32P0.3-P0.3;1-P0.1,P0.1;1-P0.2
|p 241008
|r 2017-08-12
|w 2017-08-12
|y GEN
|
| 952 |
|
|
|0 0
|1 0
|4 0
|6 M_23_32P0_3P0_31P0_1P0_11P0_2_000000000000000
|7 0
|9 170454
|a LIB
|b LIB
|d 2013-03-25
|e Kerala Book Marketing Society
|l 1
|o M2:3 32P0.3-P0.3;1-P0.1,P0.1;1-P0.2
|p 249517
|r 2018-01-16
|s 2017-12-13
|w 2017-08-12
|y GEN
|
| 952 |
|
|
|0 0
|1 0
|4 0
|6 M_23_32P0_3P0_31P0_1P0_11P0_2_000000000000000
|7 0
|9 170455
|a LIB
|b LIB
|d 2017-08-12
|l 1
|o M2:3 32P0.3-P0.3;1-P0.1,P0.1;1-P0.2
|p G31863
|q 2007-11-15
|r 2017-08-15
|s 2017-08-15
|w 2017-08-12
|y GEN
|